000 00419cam a2200157 a 4500
020 _a9280805487
040 _cDLC
082 0 0 _a363 UNI 1992 A068 Or.
245 0 0 _aIndustrial pollution in Japan /
260 _aTokyo, Japan :
_bUnited Nations University Press,
_cc1992.
300 _aix, 188 p. :
_bill. ;
_c24 cm.
650 0 _aIndustries
650 0 _aEnvironmental degradation
700 1 _aUi, Jun,
942 _cEK
999 _c14442
_d14442